Statistiques concernant Paroles : "L'effet de masse" - Maëlle

Cliquez ici pour prendre le quiz!

Statistiques générales

  • Ce quiz a été pris 62 fois
  • Le résultat moyen est 192 sur 230

Statistiques - réponses

Paroles% Correct
à
100%
Il
100%
il
100%
ma
100%
de
98%
et
98%
le
98%
dans
96%
Dans
96%
d'en
96%
la
96%
masse
96%
ta
96%
classe
94%
était
94%
les
94%
ou
94%
l'effet
92%
On
92%
on
92%
vivait
92%
celui
90%
rue
90%
des
88%
face
88%
Je
88%
je
88%
nous
88%
qui
88%
toujours
88%
Tu
88%
tu
88%
jamais
85%
plus
85%
C'était
83%
mais
83%
son
83%
vie
83%
vu
83%
c'est
81%
C'est
81%
Comme
81%
en
81%
ri
81%
même
79%
se
79%
histoire
77%
n'l'a
77%
sais
77%
sous
77%
Sur
77%
bureaux
75%
l'as
75%
passe
75%
pour
75%
avec
73%
beaux
73%
car
73%
casse
73%
est
73%
glace
73%
isole
73%
oui
73%
Oui
73%
ton
73%
couloir
71%
d'école
71%
eux
71%
j'ai
71%
nom
71%
bruits
69%
déjà
69%
Aujourd'hui
67%
cours
67%
écrans
67%
lui
67%
masques
67%
quand
67%
rigolent
67%
toutes
67%
un
67%
vue
67%
cœur
65%
différent
65%
matins
65%
peut
65%
plusieurs
65%
riais
65%
cogne
63%
couloirs
63%
être
63%
gros
63%
l'avoue
63%
méchants
63%
meilleur
63%
nombreux
63%
qu'on
63%
regards
60%
sentir
60%
faut
58%
l'écart
58%
partageait
58%
idiot
56%
Qu'est-ce
54%
faire-valoir
52%

Distribution des résultats

Percentile par nombre de réponses

% des personnes avec chaque résultat

Votre développement - résultats

Vous n’avez pas pris ce quiz